The waste of the world (Registro nro. 326179)

Detalles MARC
000 -ENCABEZADO
Número de control [NR] 00628nam a22001697a 4500
005 - FECHA Y HORA DE LA ÚLTIMA TRANSACCIÓN
control field 20260324094203.0
008 - DE LONGITUD FIJA DE DATOS DE ELEMENTOS - INFORMACIÓN GENERAL
Elementos de longitud fija [NR] 260324b ||||| |||| 00| 0 eng d
020 ## - NUMERO INTERNACIONAL NORMALIZADO PARA LIBROS [R]
Número Internacional Normalizado del libro [NR] 9781529232448
040 ## - FUENTE DE CATALOGACION [NR]
Agencia de catalogación original [NR] CO-BoUCM
Idioma de catalogación [NR] spa
Quien Cataloga Sandra Palacio
Quien Clasifica Sandra Palacio
041 ## - CODIGO DE IDIOMA [R]
Código de idioma para texto/pista de sonido o título separado [R] Inglés
100 10 - ASIENTO PRINCIPAL--NOMBRE PERSONAL [NR]
Nombre personal [NR] Gregson, Nicky
ID Autoridad 188328
245 ## - MENCION DE TITULO [NR]
Título [NR] The waste of the world
Parte restante del título [NR] consumption, economies and the making of the global waste problem
Mención de responsabilidad, etc. [NR] Nicky Gregson
260 ## - PUBLICACION, DISTRIBUCION, ETC. (PIE DE IMPRENTA) [R]
Lugar de publicación, distribución, etc. [R] Bristol, Gran Bretaña
Nombre del editor, distribuidor, etc. [R] Bristol University Press
Fecha de publicación, distribución, etc. [R] 2023
300 ## - DESCRIPCION FISICA [R]
Extensión [R] vii, 227 páginas
Otros detalles físicos [NR] ilustraciones
942 ## - ELEMENTOS DE ENTRADA AGREGADOS (KOHA)
Sistema de clasificación DEWEY
Tema principal Sociología
Tipo de ítem principal el descrito en 300a Libro
Edición 1
Clasificación 363.728
Parte restante de la signatura top. G823tw
Existencias
Fecha de último préstamo Total préstamos Signatura topográfica Código de barras Última vez visto Ejemplar Price effective from Tipo de ítem Perdido Sistema de clasificación Dañado No prestable Tipo de ítem específico Suprimido Ubicación habitual Ubicación actual Localización Fecha de creación Forma de adquisición Costo
10/04/2026 1 363.728 G823tw 100175000 06/05/2026 Ej.1 24/03/2026 Libro   DEWEY     Libro   Claustro Claustro 2do piso 24/03/2026 Compra 144440.00